| 000 | 00833cab a2200229 4500 | ||
|---|---|---|---|
| 001 | WB3242-61 | ||
| 008 | 090401t1996 xxu||||| |||| 00| 0 eng d | ||
| 035 | _a(Sirsi) u44934 | ||
| 041 | _aeng | ||
| 245 | _aVision for rural development | ||
| 260 | _c1996 | ||
| 350 | _a0 | ||
| 490 |
_aHerald _v8 November 1996, 29(1) |
||
| 520 | _aRural development must go beyond securing the future of agriculture, concerned also with the creation of jobs, improvement of infrastructure and the range of services offered, claims EU Commissioner Franz Fischler. A Former NFU president has warned that this cannot be supported by diverting funding to farmers. | ||
| 650 | _aFRANZ FISCHLER | ||
| 650 | _aFUNDING | ||
| 650 | _aRURAL AREAS | ||
| 650 | _aRURAL DEVELOPMENT | ||
| 690 | _aRURAL PRACTICE | ||
| 942 | _n0 | ||
| 948 | _c04/03/1997 | ||
| 999 |
_c28559 _d28559 |
||